00420nam a2200133 a 450000500170000000800410001705000180005810000130007624500220008926000370011144000210014899900190016995200980018820140414131904.0100923s19uu xx 00 eng d aFICbR81 1998 aRoy, Ron aThe canary caper. aNew York :bScholastic ,c1998. aA to Z mysteries c110864d110864 001040aMUbMUcFICd2010-09-23l0oFIC R81 1998pM1374r2014-04-14 00:00:00w2014-04-14yBK